Sechs nächstgelegene Hauptstädte - Ankara - Statistiken

Allgemein
  • Dieses Quiz wurde 55 mal gespielt
  • Das Durchschnittsergebnis liegt bei 3 aus 6
Antwortstatistiken
km Hauptstadt % Korrekt
817 Athen
85%
854 Sofia
63%
774 Damaskus
54%
527 Nikosia
54%
708 Beirut
40%
751 Bukarest
25%
Keine übereinstimmenden Quizze gefunden
Verteilung der Resultate
Anzahl Personen mit jedem Resultat
Perzentil nach korrekt beantworteten Fragen
Ihre Resultats-Entwicklung
Sie haben dieses Quiz noch nicht gespielt